Chủ nghĩa tư bản độc quyền nhà nước

Guardat en:
Dades bibliogràfiques
Format: Llibre
Idioma:Undetermined
Publicat: Hà Nội Khoa học - Xã hội 1975
Matèries:
Etiquetes: Afegir etiqueta
Sense etiquetes, Sigues el primer a etiquetar aquest registre!
Thư viện lưu trữ: Trung tâm Học liệu Trường Đại học Cần Thơ
LEADER 00446nam a2200145Ia 4500
001 CTU_154307
008 210402s9999 xx 000 0 und d
082 |a 335.412 
082 |b Ch500/T.1 
245 0 |a Chủ nghĩa tư bản độc quyền nhà nước 
260 |a Hà Nội 
260 |b Khoa học - Xã hội 
260 |c 1975 
650 |a Communism,Economic policy 
980 |a Trung tâm Học liệu Trường Đại học Cần Thơ